La teoría de los actos propios
Enregistré dans:
| Auteur principal: | |
|---|---|
| Format: | Livre |
| Langue: | espagnol |
| Publié: |
Buenos Aires
Abeledo-Perrot
2000
|
| Édition: | 3a. ed |
| Sujets: | |
| Tags: |
Ajouter un tag
Pas de tags, Soyez le premier à ajouter un tag!
|
MARC
| LEADER | 00000nam a2200000 a 4500 | ||
|---|---|---|---|
| 001 | UCO9943 | ||
| 003 | CL-VaPUC | ||
| 008 | 010316e20000000AG |||||||||||||||||spa|d | ||
| 082 | 0 | 4 | |a 346.03 |b BOR |2 21 |
| 100 | 0 | |a Borda, Alejandro |e author |9 455181 | |
| 245 | 1 | 3 | |a La teoría de los actos propios |
| 250 | |a 3a. ed | ||
| 300 | |a 174 p | ||
| 942 | |c BK | ||
| 945 | |d 20010316 00:00:00 |a vberengu | ||
| 260 | |a Buenos Aires |b Abeledo-Perrot |c 2000 | ||
| 650 | 0 | |a Daño |9 383182 | |
| 650 | 7 | |a ESTOPPEL |2 CL-VaPUC |9 455182 | |
| 650 | 0 | |a Derecho romano |9 255930 | |
| 583 | |a last modification |c 20170406 12:44:30 |k Rodrigo Vera | ||
| 999 | |c 293956 |d 293954 | ||
| 952 | |0 0 |1 0 |4 0 |6 346_030000000000000_BOR_2000 |7 0 |8 A |9 345761 |a BIBDER |b BIBDER |d 2019-11-20 |i 3700038 |l 3 |o 346.03 BOR 2000 |p 3700038 |r 2024-10-29 |s 2024-10-29 |w 2019-11-20 |y BK |k DER | ||